The character of physical law (Record no. 544290)
[ view plain ]
| 000 -LEADER | |
|---|---|
| fixed length control field | 00643cam a22001691 4500 |
| 082 ## - DEWEY DECIMAL CLASSIFICATION NUMBER | |
| Classification number | 531.54 |
| Author Mark | FEY |
| -- | L-6, P-92 |
| 100 1# - MAIN ENTRY--PERSONAL NAME | |
| Personal name | Feynman, Richard P. |
| 9 (RLIN) | 39883 |
| 245 14 - TITLE STATEMENT | |
| Title | The character of physical law |
| Statement of responsibility, etc. | [by] Richard Feynman. |
| 260 ## - PUBLICATION, DISTRIBUTION, ETC. | |
| Place of publication, distribution, etc. | [London] |
| Name of publisher, distributor, etc. | British Broadcasting Corp. |
| Date of publication, distribution, etc. | [1965] |
| 300 ## - PHYSICAL DESCRIPTION | |
| Extent | 173 p. |
| Other physical details | illus. |
| Dimensions | 20 cm. |
| 500 ## - GENERAL NOTE | |
| General note | "A series of lectures recorded by the BBC at Cornell University, U.S.A., and televised on BBC-2." |
| 500 ## - GENERAL NOTE | |
| General note | Lectures [originally] presented as the Messenger lectures at Cornell University." |
| 526 ## - STUDY PROGRAM INFORMATION NOTE | |
| Program name | 0 |
| Interest level | 0 |
| Reading level | 0 |
| Title point value | 531_540000000000000_FEY |
| 650 #0 - SUBJECT ADDED ENTRY--TOPICAL TERM | |
| Topical term or geographic name entry element | MCE |
| 9 (RLIN) | 379 |
| 650 #0 - SUBJECT ADDED ENTRY--TOPICAL TERM | |
| Topical term or geographic name entry element | Physics. |
| 942 ## - ADDED ENTRY ELEMENTS (KOHA) | |
| Source of classification or shelving scheme | |
| Koha item type | Book |
| Withdrawn status | Lost status | Source of classification or shelving scheme | Damaged status | Not for loan | Permanent Location | Current Location | Date acquired | Total Checkouts | Full call number | Barcode | Date last seen | Price effective from | Koha item type |
|---|---|---|---|---|---|---|---|---|---|---|---|---|---|
| Military College of Engineering (MCE) | Military College of Engineering (MCE) | 04/16/2014 | 531.54 FEY | MCE-15838 | 04/16/2014 | 04/16/2014 | Book |
